Statistics for Players who have won the UEFA Champions League with more than one Team

Click here to take the quiz!

General Stats

  • This quiz has been taken 82 times
  • The average score is 9 of 22

Answer Stats

YearTeamPlayer% Correct
2008Manchester UnitedCristiano Ronaldo*
94%
2013Bayern MunichToni Kroos*
76%
2006BarcelonaSamuel Eto'o*
73%
1995AjaxClarence Seedorf
71%
2005LiverpoolXabi Alonso
68%
2004PortoDeco
58%
2008Manchester UnitedGerard Piqué*
56%
1995AjaxEdwin van der Sar
50%
2001Bayern MunichOwen Hargreaves
42%
1993Olympique de MarseilleDidier Deschamps
36%
1988PSV EindhovenRonald Koeman
36%
2004PortoJosé Bosingwa
35%
1993Olympique de MarseilleMarcel Desailly
32%
2004PortoPaulo Ferreira
29%
1991Red Star BelgradeDejan Savićević
27%
1989A.C. MilanFrank Rijkaard
27%
1991Red Star BelgradeVladimir Jugović
23%
1996JuventusPaulo Sousa
20%
1986Steaua BucureștiMiodrag Belodedić
18%
2006BarcelonaThiago Motta*
18%
1998Real MadridFernando Redondo
15%
1994A.C. MilanChristian Panucci
14%

Score Distribution

Percentile by Number Answered

Percent of People with Each Score

Your Score History

You have not taken this quiz